[Event "Match 82__120'/40"]
[Site "Zürich"]
[Date "2025.??.??"]
[Round "48"]
[White "Mephisto Explorer Pro"]
[Black "Scorpio 68000 sel. 4"]
[Result "1/2-1/2"]
[Annotator "25-23 for Explorer"]
[WhiteElo "2017"]
[BlackElo "2043"]
[WhiteFideId "-1"]
[BlackFideId "-1"]
[PlyCount "87"]
[GameId "2258311632990319"]
[EventDate "2025.10.05"]
[EventType "match"]
[EventRounds "50"]

{[%evp 0,87,12,22,25,10,26,11,-3,-40,-27,-34,-37,-30,32767,32767,-9,-46,-15,-73,-42,32767,32767,-12,40,-65,-10,-96,-89,-96,-95,-100,-134,-130,-117,32767,-162,-187,-160,-185,-102,-113,-83,-103,-99,-117,-108,32767,-44,-33,-1,20,15,-52,62,113,83,72,-1,115,69,134,85,107,116,94,109,74,82,109,86,1,-1,-1,1,1,-1,-1,-1,-1,-1,1,-1,-1,1,1,1,1,1,1]} 1. e4 c5 {Match Nr. 82 mit 120'/40 | Bediener: Rolf Bühler | Kommentator: Kurt Utzinger | 48. Partie: Remis | Zwischenstand: 25-23 für Mephisto Explorer Pro | Stand hypothetisch: 27,5-20,5 für Mephisto Explorer Pro | Eröffnung: Sizilianisch, Alapin Variante 2.c3 | Buchzüge 2 (241) von Scorpio und 2 (195) von Mephisto Explorer Pro | Partieverlauf: In einem ausgeglichenen Kampf, bei dem sich die gegenseitigen Vor- und Nachteile abwechseln, gelingt keinem der beiden Programme der grosse Coup, so dass sich am Ende ein friedliches Remis durch Zugwiederholung ergibt. Von einer ruhigen Partie kann allerdings keine Rede sein. Denn nach 29.Dh6 stand das Brett in Flammen und der Scorpio 68000 sel. 4 offenbar unabwendbar vor dem Matt auf g7. Mit dem Turmopfer 29...Txg2+! leitet Schwarz die Rettung ein. Der weisse König darf nicht schlagen, würde er doch selbst Matt gesetzt. Also weicht der König nach h1 aus. Und wiederum steht Schwarz scheinbar unabwendbar vor dem Matt durch Dg7. Das erneute Turmopfer 30...Tg1+! bringt aber wieder Rettung für Schwarz. Dieses Mal muss der Mephisto Explorer Pro den Turm schlagen. Das erlaubt dem Gegner dank optimaler Zusammenarbeit von Dame und Läufer ein Dauerschach, wobei sich Schwarz richtigerweise nicht dazu verleiten liess, den weissen Turm zu schlagen. Das hätte wieder Matt in wenigen Zügen zur Folge gehabt. Die kritische Phase der Partie habe ich mit CB-Emu, MessChess, untersucht. Dabei hat sich gezeigt, dass beide Programme trotz völlig falschen Bewertungen, jeder wähnte sich im Vorteil, korrekt alle taktischen Klippen umschifft haben. Dies war deshalb möglich, weil in den entscheidenden Momenten jede Abweichung der gespielten Züge zur Katastrophe geführte hätte.} 2. c3 $11 {***ENDE BUCH***'} e6 $11 {***ENDE BUCH***} 3. Bb5 {Keine Offenbarung, aber mit Weiss kann man sich solches Tun gerade noch leisten.} a6 {[#]} ({Die folgende Partie ist aber über die Zugfolge 1.e4 e6 2.Lb5 c5 3.c3 entstanden} 3... b6 4. Qe2 Bb7 5. Nf3 Nf6 6. d3 Be7 7. Nbd2 O-O 8. O-O Bc6 9. Bc4 d5 10. Bb3 dxe4 11. dxe4 Bb7 12. Rd1 Qc7 13. e5 Nfd7 14. Bc2 Bd5 15. Nc4 Nc6 16. Ne3 Bxf3 17. Qd3 f5 18. Qxd7 Qxd7 19. Rxd7 Be4 20. Bb3 Kf7 21. f3 Nxe5 22. Rxe7+ Kxe7 23. fxe4 f4 24. Nc4 Nxc4 25. Bxc4 Rad8 26. Kf2 g5 27. a4 Rd1 28. a5 Rfd8 29. axb6 axb6 30. b4 cxb4 31. cxb4 Rc8 32. Ke2 Rxc1 33. Rxc1 b5 34. Kd3 Rxc4 35. Rxc4 bxc4+ 36. Kxc4 e5 37. h3 h5 38. Kd3 Kd6 39. Kc3 Kc6 {0-1 Wahls,M (2440)-Hausner,I (2425) Delmenhorst 1988}) 4. Qa4 $146 {Diese Neuerung dürfte keine Anhänger finden.} (4. Ba4 b5 5. Bc2 Bb7 6. Qe2 Qg5 7. f3 c4 8. Na3 Bxa3 9. bxa3 Qe5 10. Nh3 Nc6 $11 {0-1 (24) Gass,U (2082)-Juhnke,J (2227) Berlin 2017}) 4... b6 {Plant einfach ...Lb7, wonach der Läufer zurück muss und Schwarz dann gar ...b5 mit Tempo folgen lassen kann.} (4... Qc7 5. Be2 Nf6 6. Nf3 Nc6 7. O-O Be7 8. Qc2 d5 $15) 5. d4 Bb7 6. Bd3 $17 Nf6 $11 {Nicht am besten.} ({Schwarz sollte} 6... f5 $17 {spielen} 7. Nd2 (7. exf5 $2 Bxg2) 7... Nf6 $17 {und Schwarz steht bereits besser.}) 7. Nd2 $11 cxd4 8. cxd4 b5 9. Qb3 $6 $17 {Ergibt wieder Vorteil für Schwarz.} (9. Qd1 $1 $11 {bleibt ausgeglichen.}) 9... Nc6 10. Ne2 Nb4 {Den Vorzug verdient 10...Db6 -/+} 11. O-O {Und umgekehrt sollte Weiss mit 11.Lb1 reagieren und sich den weissfeldrigen Läufer erhalten.} Be7 $6 {Logisch war es, mit 11...Sxd3 den gegnerischen Angriffsläufer zu tauschen.} 12. a4 (12. Bb1 $1 $14 {und Weiss behält die Oberhand.}) 12... O-O (12... Nxd3 $1 $17 13. Qxd3 O-O) 13. axb5 (13. Bb1 $1 $14 {war erzwungen, um noch Vorteil zu erhalten.}) 13... Nxd3 $17 {Ein wichtiger Läufer verschwindet.} 14. Qxd3 Qb6 15. Nc3 $2 $17 {ungenau} axb5 16. Rxa8 Rxa8 17. e5 $19 {Danach steht Schwarz deutlich besser.} (17. Qxb5 $17 {ist eine bessere Verteidigung.} Qxb5 18. Nxb5) 17... Nd5 $19 18. Nf3 Nxc3 19. bxc3 {Vermasselt seinen Vorteil.} Ra2 $2 (19... Qc6 $19 {Droht durch ...b4 zu gewinnen.} 20. Re1 d6) 20. Ng5 $1 $11 Bxg5 21. Bxg5 {Weiss ist nun schwach auf den weissen Feldern.} Qc6 22. Qg3 Kf8 23. Rd1 $15 ({Genauer} 23. Bf6 $5 g6 (23... gxf6 24. exf6 Qxg2+ 25. Qxg2 Bxg2 26. Kxg2 $11) 24. h4 Qe4 $11) 23... Qc4 $11 (23... Qe4 24. Bf6 Qg6 25. Qxg6 fxg6 26. Bd8 $14) 24. Bf6 $1 {Weiss nutzt die gegnerische Schwäche der Grundlinie aus. Der Läufer ist tabu.} g6 (24... gxf6 $4 25. exf6 $18 {und Schwarz kann das Matt nicht mehr verhindern.}) 25. Qg5 Qc6 26. Rc1 Kg8 27. f3 {Droht Matt mit Dh6.} Qc8 $1 28. Rb1 {Droht wiederum mit Dh6 zu gewinnen.} Qxc3 $1 {Schwarz findet bzw. spielt die einzige Fortsetzung, die den Ausgleich sichert. Mit seiner positiven Bewertung 02.28, d09 33-35 liegt der Scorpio zwar richtig, aber nur, weil er die folgende Verlustvariante für Weiss berechnet: 29.d5? Dc2 30.Tc1 Df2+ 31.Kh1 h6 und Schwarz gewinnt. Die logische Partiefolge 29.Dh6, statt 29.d5? wird nicht berücksichtigt.} 29. Qh6 (29. d5 $2 $19 Qc2 30. Rf1 h6 31. Qg3 Bxd5 (31... b4 $1 $19) 32. Qf2 b4 33. Qxc2 Rxc2 34. Be7 b3 35. Rb1 b2 36. Ba3 Rc3 37. Bxb2 Rb3 38. Kf2 Rb5 39. Ke3 Ba2 $19) {[#]Das Brett steht in Flammen. Und es sieht jetzt mehr als düster aus für Schwarz. Das Matt auf g7 scheint nicht abwendbar.} 29... Rxg2+ $1 $11 {Der Scorpio sieht sich auf Tiefe d08 mit -01.06 (Kh1), erkennt also nicht, dass die Stellung ausgeglichen ist. Das Opfer scheint somit aus der Not geboren, weil alles andere das Matt nicht verhindern kann.} 30. Kh1 $1 {Und wiederum sieht es so aus, als ob sich das Matt auf g7 nicht abwehren lässt. Der Saitek GK 2100, Original des Mephisto Explore Pro Clones, sieht Weiss mit +1.0 im Vorteil.} ({Aber ja nicht} 30. Kxg2 Qxf3+ 31. Kg1 Qg2#) 30... Rg1+ $1 $11 {Der nächste taktische Schlag: ein weiteres nettes Opfer, das der Verteidigung des Matts auf g7 dient. Mit der Bewertung -01.07 bei Tiefe d08 erkennt der Scorpio die reale Lage noch nicht.} 31. Kxg1 Qxd4+ $11 {Alles andere verliert. Bewertung Scorpio: -01.04, d08 (Kf1), während sich der Saitek GK 2100 mit +1.9 im Vorteil sieht.} 32. Kf1 (32. Kg2 Qg4+ 33. Kf2 Qxf3+ 34. Ke1 Qe4+ $11 {und Schwarz hat Dauerschach.}) 32... Qd3+ {Erneut der einzige Zug. Die Bewertung von Scorpio ist auf -00.39 gesunken.} 33. Ke1 (33. Kg1 $5 Qd4+ $8 (33... Qxb1+ $4 34. Kf2 Qb2+ 35. Kg3 {und Schwarz wird im 38. Zug Matt.}) 34. Kg2 Qg4+ ({oder} 34... Bxf3+ 35. Kg3 $11 (35. Kxf3 Qd3+ {Dauerschach}) 35... Qg4+ 36. Kf2 Qg2+ 37. Ke3 Qe2+ 38. Kd4 Qc4+ {Dauerschach}) 35. Kf2 Qxf3+ (35... Bxf3 36. Qg7#) 36. Ke1 Qe4+ 37. Kf2 (37. Kd2 Qd5+ 38. Ke3 Qe4+ 39. Kf2 Qg2+ 40. Ke3 Qe4+ 41. Kf2 Qg2+ 42. Ke3 Qe4+ $11) 37... Qg2+ 38. Ke3 Qe4+ 39. Kf2 (39. Kd2 Qd5+ 40. Ke3 Qe4+ 41. Kf2 Qg2+ 42. Ke3 Qe4+ $11) 39... Qf3+ 40. Ke1 Qe4+ 41. Kd2 Qd4+ $11 {Dauerschach}) 33... Qc3+ $8 {Der einzige Zug, der nicht verliert. Lobenswert, dass Scorpio 68000 sel. 4 erkennt, dass der Turmschnapp 33...Dxb1+ verlieren würde. Der Scorpio benötigt jedoch mehr als 11 Min und Suchtiefe d08, Bewertung -00.80 (Dd2), um zu erkennen, dass er nicht verliert.} (33... Qxb1+ $4 34. Kf2 Qc2+ 35. Kg3 {und Matt durch Dg7# im nächsten Zug.}) 34. Qd2 {Der Saitek GK 2100 sieht sich noch mit +1.3 im Vorteil.} (34. Ke2 Qxf3+ $11) 34... Qxf3 35. Qxd7 {Der Saitek Gk 2100 meint irrtümlich +2.10 zu seinen Gunsten.} Qe3+ {Jetzt zeigt der Scorpio mit 0.00 das erste Mal eine ausgeglichene Bewertung.} 36. Kd1 Bf3+ 37. Kc2 Qe2+ ({Und nicht} 37... Be4+ $2 38. Kb2 Qf2+ 39. Ka1 $18) 38. Kc3 {Jetzt endlich bequemt sich auch der Saitek GK 2100 zu 0.00.} (38. Kb3 $5 Qc4+ $8 39. Ka3 (39. Kb2 Qb4+ 40. Kc2 Be4+ 41. Kd1 Qxb1+ $17) 39... Qa4+ 40. Kb2 Qb4+ $8 41. Kc2 (41. Ka2 $2 Bd5+ $19) 41... Be4+ 42. Kd1 Qxb1+ 43. Kd2 Qa2+ 44. Ke3 $11) 38... Qc4+ 39. Kd2 (39. Kb2 Qb4+ 40. Kc2 (40. Ka2 $2 Bd5+ $19) 40... Be4+ 41. Kd1 Qxb1+ $11) (39. Kb2 $5 Qb4+ $8 40. Kc2 Be4+ 41. Kd1 Qxb1+ 42. Ke2 Qa2+ 43. Ke3 $19) 39... Qf4+ 40. Kd3 (40. Kc2 $5 Qc4+ $8 41. Kd2 (41. Kb2 Qb4+ 42. Kc2 Be4+ 43. Kd1 Qxb1+ $17) 41... Qe2+ 42. Kc3 Qc4+ 43. Kb2 (43. Kd2 $11) 43... Qb4+ 44. Kc2 Be4+ 45. Kd1 Qxb1+ $17) 40... Qe4+ 41. Kc3 Qc4+ 42. Kd2 (42. Kb2 Qb4+ 43. Kc2 (43. Ka2 $2 Bd5+ $19) 43... Be4+ 44. Kd1 Qxb1+ $17) (42. Kb2 $5 Qb4+ $8 43. Kc2 Be4+ 44. Kd1 Qxb1+ 45. Ke2 Qa2+ 46. Ke3 $17) 42... Qf4+ 43. Kc2 Qc4+ 44. Kd2 {***3x REMIS***'} ({Oder} 44. Kb2 $5 Qb4+ $8 45. Kc2 Be4+ 46. Kd1 Qxb1+ 47. Ke2 Qa2+ 48. Ke3 Qa8 $11) 1/2-1/2

[Event "Match 82__120'/40"]
[Site "Zürich"]
[Date "2025.??.??"]
[Round "50"]
[White "Mephisto Explorer Pro"]
[Black "Scorpio 68000 sel. 4"]
[Result "1-0"]
[Annotator "27-23 for Explorer"]
[WhiteElo "2016"]
[BlackElo "2043"]
[WhiteFideId "-1"]
[BlackFideId "-1"]
[PlyCount "128"]
[GameId "547081191046"]
[EventDate "2025.10.05"]
[EventType "match"]
[EventRounds "50"]

{[%evp 0,127,12,18,21,10,46,27,45,50,49,32767,36,49,33,28,31,17,76,32767,32767,32767,212,117,136,137,125,65,82,31,32767,32767,61,69,63,57,49,68,143,74,95,53,100,65,77,97,75,109,78,32767,155,130,200,112,152,153,141,32767,32767,174,165,188,175,165,167,149,225,162,175,172,153,144,154,148,133,140,158,147,136,127,121,141,182,194,186,32767,165,188,390,382,475,465,503,32767,32767,436,507,513,529,548,514,504,544,32767,632,641,707,577,619,613,631,666,32767,703,768,827,1147,1176,1382,1339,1643,1445,1420,1434,1373,1464,1428,1472,1431,2074]} 1. d4 Nf6 {Match Nr. 82 mit 120'/40 | Bediener: Rolf Bühler | Kommentator: Kurt Utzinger | 50. Partie: Weiss (Mephisto Explorer Pro) gewinnt | Endstand: 27-23 für Mephisto Explorer Pro | Endstand hypothetisch: 29,5-20,5 für Mephisto Explorer Pro | Eröffnung: Benoni | Buchzüge 6 (252) von Scorpio und 3 (203) von Mephisto Explorer Pro | Partieverlauf: In der letzten Partie des Matches verpasst es der Scorpio 68000 sel. 4, sein Ergebnis noch etwas aufzubessern. Im Gegenteil hat das Programm von David Kittinger schon frühzeitig um den Ausgleich zu kämpfen. Und mit 10...Sg4? schlittert Schwarz bereits in eine verlorene Stellung. Zwar vermag der Mephisto Explorer Pro aus diesem Fehler nur einen kleinen Vorteil zu retten. Durch das Schnappen eines Bauern mit 18...Dxb2? stürzt Schwarz dann allerdings wieder ins Elend. Trotz zwischenzeitlichem Bauerngewinn tut sich Weiss nach dem Damentausch aber schwer, das schwierige Doppelturm-Endspiel sachgerecht zu behandeln. So erhält das Novag Programm die einmalige Chance, das Endspiel doch noch zu retten. Mit 40...Tac8? geht Schwarz an seinem Glück vorbei und muss schliesslich seine letzte bittere Niederlage einstecken und das Match mit 23-27 verloren geben.} 2. c4 c5 3. d5 $14 {***ENDE BUCH***} e6 4. Nc3 exd5 5. cxd5 d6 6. e4 g6 $16 {***ENDE BUCH***} 7. Bb5+ {Keine ambitiöse, aber trotzdem gesunde Fortsetzung.} ({Zu} 7. f4 {bemerkt der Eröffnungsreport von ChessBase 26: "Der Zug 7.f4 kommt aus der Mode. Die Beliebtheit sinkt von 80% auf 52%, wenn dieser Zug gespielt wird. Moderne Spieler bevorzugen: 7.h3 (114%), 7.Sf3 (69%), 7.Ld3 (63%). Dieser Rückgang (Anmerkung Utzinger,K: unter 100%) betrifft alle nachfolgenden Stellungen in dieser Variante." Ob dieser Trend anhält, wird sich zeigen, denn die modernen Engines haben eine Vorliebe für 7.f4 (Utzinger,K).}) 7... Bd7 8. Qe2 {Andere Züge sind gemäss der ChessBase Online Datenbank hier beliebter:} (8. a4 {62 Partien, 56.5% Gewinnquote} Bg7 9. Nf3 O-O 10. O-O Bxb5 11. axb5 {[%eval 49,25] Fritz 19}) (8. Bxd7+ {6 Partien, 27.2% Gewinnquote} Nbxd7 9. Nf3 $11) (8. Bd3 {40 Partien, 32.5% Gewinnquote} Bg7 9. Nge2 $14) (8. Be2 {15 Partien, 20% Gewinnquote} Bg7 9. Bf4 Qe7 10. Nf3 Nxe4 {[%eval -14,41] Stockfish 20250928}) (8. Bc4 Bg7 9. Qb3 Na6 10. Nf3 O-O {[%eval -62,26] Stockfish 15}) 8... Qa5 {Spielbar, auch wenn 8...a6 normaler wirkt,} (8... a6 9. e5 dxe5 10. Bd3 Bd6 11. Bg5 h6 12. Ne4 $2 (12. Bh4 $11) 12... Be7 $2 (12... hxg5 $17) 13. Bxf6 $11 {0-1 Korennoi,V (2223)-Butkiewicz,L (2328) Wroclaw op 2009 (7)}) 9. Bd2 { (0.35) Nichts spricht auch gegen 9.Ld3 oder 9.Lxd7+.} a6 $2 {Das ist schlecht, wie auch die Bewertung +- (2.17) (99% +98% =2% -0%) Tiefe: 41/62 zeigt.} (9... Bg7 10. Bc4 O-O 11. h3 $14) 10. Bd3 {[#]} Ng4 $2 {[%mdl 32768] Schwarz ***VERLIERT***, denn diese erneute Ungenauigkeit vermag die schwarze Stellung nicht mehr zu ertragen.} 11. Nd1 {Das genügt noch für deutlichen Vorteil. Aber mit 11.e5! hätte Weiss einen rascheren Sieg erzwungen.} (11. e5 Nxe5 (11... Bh6 12. f4 O-O 13. h3 $18) (11... dxe5 12. h3 $18) 12. f4 Bg4 13. Nf3 Nbd7 14. fxe5 Nxe5 15. Ne4 Qd8 16. Bg5 Be7 17. Bxe7 Nxd3+ 18. Qxd3 Qxe7 19. O-O O-O-O 20. Rae1 $18) 11... Qb6 12. Bc3 Ne5 13. Nf3 (13. f4 $18 {ist wirksamer}) 13... Bg4 14. Bxe5 $2 {Vergibt fast seinen ganzen Vorteil. Besser sind:} (14. Qe3 Bxf3 15. gxf3 Nxd3+ 16. Qxd3 Rg8 17. Ne3 $16) (14. Ne3 Bxf3 15. gxf3 Bh6 16. Ng2 Nxd3+ 17. Qxd3 O-O 18. h4 Nd7 19. h5 $16) 14... dxe5 15. O-O Bh6 (15... Qf6 {ist besser} 16. a4 $14) 16. Ne3 Bxe3 17. Qxe3 Bxf3 18. Qxf3 $14 {[#]} Qxb2 $2 $18 {[%mdl 32768] Es ***VERLIERT*** dieser materialistisch begründete Bauernschnapp, denn Weiss erhält nun eine überwältigende Stellung.} 19. Rfb1 {Obowhl 19.Tab1 gemäss den Engines noch stärker ist, genügt auch diese Fortsetzung, welche für einen Oldie zudem einfacher zu spielen ist.} (19. Rab1 $1 Qxa2 20. Rxb7 O-O 21. h4 h5 22. g4 $18 {und die Abwehr des weissen Angriffs wird Schwarz entscheidend Material kosten.}) 19... Qd4 20. Rd1 {Es droht Lb5+ mit Damengewinn.} Qa4 21. Qf6 O-O 22. Qxe5 c4 23. Be2 Nd7 24. Qc3 Rfc8 {Besser war es, einen Turm nach e8 zu stellen, um den nun möglichen und vernichtenden Vorstoss e4-e5 zu verhindern.} 25. Rdb1 {Aber selbst nach diesem zweitbesten Zug hat Schwarz gar nichts zu lachen. Von einer möglichen Rettung kann keine Rede sein. Bewertung: +- (2.94) (100%) (+100% =0% -0%)} ({Rems M-091224-avx2:} 25. e5 Nf8 26. h4 Qd7 27. Qd4 h5 28. Bxc4 Qa4 29. Bb3 Qxd4 30. Rxd4 b5 31. Re1 Ra7 32. e6 fxe6 33. dxe6 Re7 34. Rd6 a5 35. Rb6 a4 36. Bd5 Nh7 37. Rxb5 Nf6 38. Bf3 Rc2 39. Re2 Rc1+ 40. Kh2 Rc3 41. Ra5 a3 42. Rae5 Kg7 43. R5e3 Rxe3 44. Rxe3 Kf8 45. Bd1 Ra7 46. Rf3 Kg7 47. Rg3 Ra8 48. Re3 Nd5 49. Rf3 Ra7 50. Bb3 Nf6 51. Rd3 Kf8 52. f3 Ke8 53. Rd1 Ra5 54. Kg3 Ke7 55. Rd4 {[%eval 371,42] [%wdl 1000,0,0]}) 25... Nc5 26. f3 {Genauer sind 26.e5 +- oder 26.Lf3 +-} Qd7 27. Qxc4 {Weiss hat bei klar besserer Stellung einen Bauern mehr.} Na4 28. Qd3 {Nach d4 wäre noch besser.} Nc3 29. Rb3 Qc7 30. Kh1 Nxe2 31. Qxe2 b5 ({Vielleicht bietet} 31... Qc1+ 32. Qd1 Qxd1+ 33. Rxd1 b5 {bessere praktische Schwindelchancen.}) 32. Rd1 {Nicht am besten.} ({Systematischer ist} 32. Rd3 Qc2 33. Rd2 Qc4 34. Qe1 a5 35. e5 $18) 32... Qc4 {Der falsche Weg.} (32... Qc2 {bietet noch gewisse Rettungschancen} 33. Rb2 ({aber nicht} 33. Rd2 $2 Qxa2 $1 {sowas kann man gut übersehen} 34. Qd1 (34. Rxa2 $4 Rc1+ 35. Qe1 Rxe1#) 34... Qa4 $11) 33... Qxe2 34. Rxe2 Kf8 35. h4 a5 36. Rd4 b4 {und das Programm von Frans Morsch müsste noch zeigen, ob er das gewinnen kann.}) 33. Qd2 Qc2 34. Rb2 $6 (34. g4 $1 $18) 34... Qxd2 35. Rbxd2 Kf8 {So gut, im Sinne von "nicht sonnenklar verloren", stand Schwarz schon lange nicht mehr.} 36. g3 Ke7 37. Kg2 Kd6 38. f4 f6 $1 {Natürlich muss e4-e5 verhindert werden.} 39. Re1 Re8 $1 {Wiederum gegen e4-e5 gerichtet.} 40. Re3 $2 $14 {Praktisch vermasselt Weiss auf diese Weise endültig den Sieg. Nun kann und sollte Schwarz seine Bauernmehrheit am Damenflügel in die Waagschale werfen.} (40. g4 {ist der einzige Gewinnversuch, um mit gelentlich g4-g5 das Feld e5 freizukämpfen.}) {[#]} 40... Rac8 $2 $18 {[%mdl 32768] Diese schwache Fortsetzung macht alles wieder zunichte und Schwarz ***VERLIERT*** wieder. Meine beste Engine, PROMENADE (ein SF Derivat) sieht die Stellung nach 40...a5, auf Suchtiefe 54, im Gleichgewicht.} ({PROMENADE-avx2:} 40... a5 {0.10(50%)/54} 41. Kf3 Rac8 42. Ra3 a4 43. Rb2 Rc5 44. Rd3 Rb8 45. Re2 Re8 46. h4 h5 47. Rd4 Rc3+ 48. Re3 Rc5 49. a3 Rc2 50. Rd1 Rc4 51. Rd2 Rc1 52. Rb2 Rb8 53. e5+ fxe5 54. fxe5+ Kxd5 55. e6 Kc6 56. Rd2 Re8 57. e7 Rf1+ 58. Kg2 Rf7 59. Rc3+ Kb7 60. Rd7+ Kb6 61. Rd6+ Kb7 62. Rc5 b4 63. Rd7+ Kb6 64. axb4 Rfxe7 65. Rd6+ Kb7 66. Rxg6 Re5 67. Rcc6 Rb5 68. Ra6 Rxb4 69. Ra5 Rh8 70. Kh3 Kb8 71. Rc6 Kb7 72. Re6 Rg4 73. Rb5+ Kc7 74. Rf6 Rh7 75. Rg5 Rg7 76. Rxg7+ Rxg7 77. Ra6 Rg4 78. Ra5 {[%eval 10,54] [%wdl 8,990,2]}) 41. Ra3 Ra8 ({Nichts ändert} 41... Rxe4 42. Rxa6+ Ke7 43. Ra7+ Kf8 44. Rxh7 Kg8 45. Rb7 Rb4 46. Kf3 $18 {mit leichtem Gewinn für Weiss.}) 42. Kf3 Rec8 43. Re3 $1 Rf8 (43... Re8 44. Rc3 Rac8 45. Rdc2 Rxc3+ 46. Rxc3 $18) 44. Rc3 h6 45. Rdc2 {Schwarz ist absolut hilflos.} Ra7 46. Rc6+ Kd7 47. Re6 g5 48. Rcc6 {Die Kraft der weissen Türme ist gewaltig.} gxf4 49. Red6+ Ke7 50. gxf4 f5 51. e5 h5 52. Rh6 Kd8 53. Rxh5 {Die Partie ist gelaufen.} Rc7 54. Rxa6 Rc3+ 55. Ke2 Rc2+ 56. Kd3 Rc5 57. d6 {Weiss hat Mattangriff.} Re8 58. Rh7 Rd5+ 59. Ke3 Rc5 60. Ra8+ Rc8 61. Rxc8+ Kxc8 62. d7+ Kd8 63. dxe8=R+ Kxe8 64. Kd4 Kf8 {***AUFGEGEBEN***} 1-0